00463cam a22001572 4500001001100000005001700011008004100028020000800069040001500077050001700092110003600109245006700145260003200212300001000244650005100254000000078620151217151757.0070220s xx 000 0 eng d cKES aKABUcKABU 0aBX2320b.P662 aPontifical Council.@000014914114aThe Shrine :bmemory, presence and prophecy of the living God. aNairobi :bPaulines,c1999. a32 p. 0aChristian shrine (Catholic church)@0000149142